• 首页
  • 本馆介绍
  • 公告通知
  • 最新文献
  • 馆藏检索
  • 电子资源
  • 读者导购
  • 参考咨询
  • 我的图书馆
  • 登录
  • 详细信息显示
  • 放入我的书架
  • 预约/预借图书
  • 作者相关作品
  • 分类相关作品
  • 丛书相关作品
  • 出版社相关作品

书目信息

  • 表格格式
  • 工作单格式
  • 卡片格式
题名:
社会主义生产目的
    
 
作者: 中国政治经济学 编
分册:  
出版信息: 上海   上海人民出版社  1981.03
页数: 152页
开本: 19cm
丛书名:
单 册:
中图分类: F04
科图分类:
主题词: 社会主义社会--生产方式
电子资源:
ISBN:
000 00665nam0 2200205 45
001 0204140925
005 20040421104703.5
010    @dCNY0.36
091    @a4074.460
100    @a20020414d1981 km y0chiy0120 ea
101 0  @achi
105    @a z 000yy
200 1  @a社会主义生产目的@AShe Hui Zhu Yi Sheng Chan Mu Di@f中国政治经济学(社会主义部分)研究会编@FZhong GuoZheng Zhi Jing Ji Xue(She Hui Zhu Yi Bu Fen)Yan Jiu Hui Bian
210    @a上海@c上海人民出版社@d1981.03
215    @a152页@d19cm
606 0  @a社会主义社会@x生产方式
690    @aF04@v3
701  0 @a中国政治经济学@b社会主义部分研究会@4编
801    @aCN@bTSTC@c20020414
905    @dF04@e15@f1@b43914
    
    社会主义生产目的/中国政治经济学(社会主义部分)研究会编.-上海:上海人民出版社,1981.03
    152页;19cm
    
    
    ISBN :CNY0.36
    
●
相关链接 在E读中查询图书 在五车中查询图书 在当当中查询图书 在豆瓣中查询图书


正题名:社会主义生产目的     索取号:F04/15         预约/预借

序号 登录号 条形码 馆藏地/架位号 状态 备注
1 0043913   001791751   密集书库/ [索取号:F04/15] 在馆    
2 0043914   001271171   第一借阅区/ [索取号:F04/15] 在馆    
3 0043915   001271215   第一样本阅览室/ [索取号:F04/15] 在馆    
唐山师范学院图书馆 欢迎您!
大连网信软件有限公司© 版权所有